[Event "Amici Sumus-B corr"]
[Site "Argentina"]
[Date "1998.??.??"]
[Round "?"]
[White "Frank, Mario Alberto"]
[Black "Pretto, Rafael Antonio"]
[Result "1/2-1/2"]
[WhiteElo "2350"]
[BlackElo "2235"]
[PlyCount "79"]
[EventDate "1998.??.??"]
[EventType "tourn (corr)"]
[EventRounds "14"]
[EventCountry "ARG"]
[EventCategory "6"]
[SourceTitle "Corr 2002"]
[Source "ChessBase"]
[SourceDate "2002.05.23"]
[SourceVersion "1"]
[SourceVersionDate "2002.05.23"]
[SourceQuality "1"]

1. e4 c5 2. Nf3 d6 3. d4 cxd4 4. Nxd4 Nf6 5. Nc3 g6 6. Be3 Bg7 7. f3 0-0 8. Qd2 Nc6 9. 0-0-0 d5 10. Kb1 Nxd4 11. e5 Nd7 12. Bxd4 Nxe5 13. Qe3 Nc6 14. Bxg7 Kxg7 15. Nxd5 Qa5 16. b4 Qa4 17. b5 Rb8 18. Qb3 Qxb3+ 19. axb3 Ne5 20. Re1 e6 21. Rxe5 exd5 22. Rxd5 Be6 23. Rd2 Rfd8 24. Rxd8 Rxd8 25. Kc1 h5 26. c4 Kf6 27. Be2 h4 28. Rd1 Rxd1+ 29. Kxd1 Ke5 30. g3 hxg3 31. hxg3 g5 32. Kd2 Kd4 33. Bd3 f5 34. f4 gxf4 35. gxf4 b6 36. Bb1 Bc8 37. Bc2 Bd7 38. Ke2 Kc3 39. Bd1 Bc8 40. Ke3 1/2-1/2

[Event "Amici Sumus-B corr"]
[Site "Argentina"]
[Date "1998.??.??"]
[Round "?"]
[White "Pretto, Rafael Antonio"]
[Black "Chan, Daniel Roberto"]
[Result "1/2-1/2"]
[WhiteElo "2235"]
[BlackElo "2375"]
[PlyCount "80"]
[EventDate "1998.??.??"]
[EventType "tourn (corr)"]
[EventRounds "14"]
[EventCountry "ARG"]
[EventCategory "6"]
[SourceTitle "Corr 2002"]
[Source "ChessBase"]
[SourceDate "2002.05.23"]
[SourceVersion "1"]
[SourceVersionDate "2002.05.23"]
[SourceQuality "1"]

1. e4 c5 2. Nf3 Nc6 3. d4 cxd4 4. Nxd4 e5 5. Nb5 d6 6. N1c3 a6 7. Na3 b5 8. Nd5 Nge7 9. c3 Nxd5 10. exd5 Ne7 11. c4 g6 12. cxb5 Bg7 13. Bc4 0-0 14. 0-0 Nf5 15. bxa6 Bxa6 16. Bxa6 Rxa6 17. Nb5 Qh4 18. Nc3 Nd4 19. Qd3 Rb6 20. b3 f5 21. Bd2 e4 22. Qe3 Rb7 23. Rac1 Rc7 24. Kh1 Rfc8 25. Ne2 Nc2 26. Qb6 Be5 27. h3 Qe7 28. Bf4 Bxf4 29. Nxf4 Qd7 30. Ne6 Ra7 31. Nd4 Rxa2 32. Nxc2 Raxc2 33. Rxc2 Rxc2 34. Ra1 Rc7 35. b4 Rb7 36. Qc6 Rc7 37. Qa6 Rb7 38. b5 Qxb5 39. Qxd6 Qe8 40. Qc5 Rd7 1/2-1/2

[Event "Amici Sumus-B corr"]
[Site "Argentina"]
[Date "1998.??.??"]
[Round "?"]
[White "Pretto, Rafael Antonio"]
[Black "Martins Barriga, Floriano de los Ang"]
[Result "1/2-1/2"]
[WhiteElo "2235"]
[BlackElo "2425"]
[PlyCount "96"]
[EventDate "1998.??.??"]
[EventType "tourn (corr)"]
[EventRounds "14"]
[EventCountry "ARG"]
[EventCategory "6"]
[SourceTitle "Corr 2002"]
[Source "ChessBase"]
[SourceDate "2002.05.23"]
[SourceVersion "1"]
[SourceVersionDate "2002.05.23"]
[SourceQuality "1"]

1. e4 e6 2. d4 d5 3. Nc3 Bb4 4. e5 c5 5. a3 Bxc3+ 6. bxc3 Ne7 7. Qg4 Ng6 8. h4 Rg8 9. h5 Ne7 10. Bd3 Nf5 11. Qf4 g6 12. hxg6 hxg6 13. g4 Ne7 14. Rh7 Rf8 15. Qf3 Ng8 16. Nh3 c4 17. Ng5 f5 18. exf6 Qxf6 19. Qxf6 Rxf6 20. Rh8 cxd3 21. Rxg8+ Rf8 22. Rxg6 dxc2 23. Nxe6 Bxe6 24. Rxe6+ Kd7 25. Re2 Nc6 26. Rxc2 Rac8 27. Be3 Na5 28. g5 Nc4 29. Ke2 Rg8 30. Rb1 b6 31. Bc1 Rh8 32. Rb5 Rcf8 33. Kf1 a6 34. Rb3 Rh2 35. Kg1 Rfh8 36. a4 Rh1+ 37. Kg2 R8h2+ 38. Kf3 Ke6 39. Bf4 Rh7 40. Rc1 R1h3+ 41. Ke2 Kf5 42. Be3 Re7 43. Rf1 Kg6 44. Kd3 Nxe3 45. fxe3 Rexe3+ 46. Kd2 Kxg5 47. Rf2 Re6 48. Rb1 Rc6 1/2-1/2